000 00328nam a2200145Ia 4500
008 230605s1985 xx 000 0 und d
041 _aeng
100 _aDiane
245 _aHundred Dishes for simmers
260 _bOctopus Book Ltd.
_c1985
300 _a64p
520 _aGeneral
520 _aHard Board
650 _aF.Pro
999 _c419695
_d419695